Rebelión en la octava casa /
Sábháilte in:
| Príomhchruthaitheoir: | |
|---|---|
| Formáid: | LEABHAR |
| Teanga: | Spanish |
| Foilsithe / Cruthaithe: |
Santiago de Cuba :
Editorial Oriente
2010.
|
| Eagrán: | 4. edición |
| Sraith: | Ficciones colección
|
| Ábhair: | |
| Clibeanna: |
Cuir clib leis
Níl clibeanna ann, Bí ar an gcéad duine le clib a chur leis an taifead seo!
|
MARC
| LEADER | 00000cam a2200000Ia 4500 | ||
|---|---|---|---|
| 001 | 4229569 | ||
| 005 | 20141118045959.0 | ||
| 008 | 030922s2010 cu 000 1 spa d | ||
| 020 | |a 9591007280 | ||
| 040 | |a FQG |c FQG | ||
| 082 | |a Cu863.3 |b S251r4 | ||
| 090 | |a PQ7390.S3 |b R4 2002 | ||
| 100 | 1 | |a Sarusky, Jaime. |d 1931-2013 | |
| 245 | 1 | 0 | |a Rebelión en la octava casa / |c Jaime Sarusky. |
| 250 | |a 4. edición | ||
| 260 | |a Santiago de Cuba : |b Editorial Oriente |c 2010. | ||
| 300 | |a 150 páginas | ||
| 490 | 1 | |a Ficciones colección | |
| 650 | 1 | 4 | |a LITERATURA CUBANA |9 40 |v NOVELA |
| 942 | |2 ddc |c BK | ||
| 999 | |c 3587 |d 3587 | ||



